Tripoints sur la carte du monde #1 - Statistiques

Statistiques générales
  • Ce quiz a été pris 8 661 fois
  • Le résultat moyen est 17 sur 27
Statistiques - réponses
Par images Réponse % Correct
Russie
92%
Chine
91%
Mongolie
89%
Arabie Saoudite
81%
Émirats Arabes Unis
81%
Oman
81%
Inde
69%
Allemagne
65%
Bangladesh
65%
Mexique
64%
Pologne
64%
République Démocratique du Congo
64%
République Tchèque
64%
Birmanie
63%
Belize
61%
Brésil
60%
Guatemala
60%
Colombie
55%
Pérou
55%
Angola
54%
Kenya
52%
Zambie
52%
Tanzanie
50%
Ouganda
49%
Bulgarie
25%
Roumanie
25%
Serbie
25%
Aucun quiz correspondant
Distribution des résultats
% des personnes avec chaque résultat
Percentile par nombre de réponses
Votre historique - résultats
Vous n’avez pas pris ce quiz